[Event "American Continental 09th"]
[Site "Cochabamba"]
[Date "2013.05.09"]
[Round "4"]
[White "Campero, Ronald"]
[Black "Vasquez Schroder, Rodrigo Rafael"]
[Result "1-0"]
[WhiteElo "2211"]
[BlackElo "2554"]
[PlyCount "101"]
[EventDate "2013.05.07"]
[EventType "swiss"]
[EventRounds "11"]
[EventCountry "BOL"]
[SourceTitle "CBM 154 Extra"]
[Source "ChessBase"]
[SourceDate "2013.06.25"]
[SourceVersion "2"]
[SourceVersionDate "2013.06.25"]
[SourceQuality "1"]

1. e4 e6 2. d4 d5 3. Nc3 Bb4 4. exd5 exd5 5. Bd3 Nc6 6. a3 Ba5 7. Be3 Be6 8. Qf3 Qd7 9. Nge2 Nge7 10. h3 0-0-0 11. b4 Bb6 12. Na4 Bf5 13. Nxb6+ cxb6 14. Ng3 Bxd3 15. cxd3 Kb8 16. b5 Na5 17. Rb1 f6 18. 0-0 Ka8 19. Bd2 h5 20. Bb4 h4 21. Bxe7 Qxe7 22. Nf5 Qd7 23. Rfe1 Rhe8 24. Rxe8 Rxe8 25. Nxh4 Qc7 26. Qh5 Rd8 27. g3 Qc3 28. Qe2 Qxa3 29. Nf5 g6 30. Qe7 Qxe7 31. Nxe7 g5 32. Kg2 Kb8 33. h4 gxh4 34. gxh4 Kc7 35. h5 Rh8 36. Nxd5+ Kd6 37. Nf4 Rh7 38. Kf3 f5 39. Kg3 Rg7+ 40. Ng6 Ke6 41. Kf4 Kf6 42. Ne5 Rg2 43. Rh1 Rxf2+ 44. Kg3 Rc2 45. h6 Rc8 46. h7 Rh8 47. Kf4 Nb3 48. Nf3 Kg7 49. Rb1 Na5 50. Ng5 Kg6 51. d5 1-0

[Event "Santa Cruz Monroy Memorial"]
[Site "Santa Cruz"]
[Date "2010.01.11"]
[Round "7"]
[White "Campero, Ronald"]
[Black "Ferrufino, Boris"]
[Result "1/2-1/2"]
[WhiteElo "2274"]
[BlackElo "2182"]
[PlyCount "82"]
[EventDate "2010.01.08"]
[EventType "tourn"]
[EventRounds "9"]
[EventCountry "BOL"]
[SourceTitle "CBM 134 Extra"]
[Source "ChessBase"]
[SourceDate "2010.03.03"]
[SourceVersion "1"]
[SourceVersionDate "2010.03.03"]
[SourceQuality "1"]

1. d4 Nf6 2. c4 e6 3. Nc3 b6 4. e4 d6 5. Nf3 Bb7 6. Bd3 c5 7. d5 e5 8. a3 Be7 9. 0-0 0-0 10. b4 Nbd7 11. Nd2 Re8 12. Nb3 Bf8 13. bxc5 Nxc5 14. Nxc5 bxc5 15. Rb1 Qd7 16. Bc2 Reb8 17. f4 Ba6 18. fxe5 dxe5 19. Ba4 Qg4 20. Rxb8 Rxb8 21. Qxg4 Nxg4 22. h3 Nf6 23. Bb5 Bxb5 24. cxb5 a6 25. a4 axb5 26. axb5 c4 27. Bd2 Bc5+ 28. Kh2 Bd4 29. Rb1 Ne8 30. Ne2 Nd6 31. Nxd4 exd4 32. Bf4 Rxb5 33. Ra1 f5 34. e5 Rxd5 35. exd6 g5 36. Ra8+ Kf7 37. Ra7+ Kf6 38. Bd2 Rxd6 39. Rxh7 c3 40. Be1 Ke5 41. Rc7 Ke4 1/2-1/2